Bundesliga: 25+ Assists (2000-) - Statistics

General Stats
  • This quiz has been taken 22 times
  • The average score is 95 of 137
Answer Stats
Ranking Player Positions Nationality Matches Goals (assists) Periods Clubs % Correct
21 Arjen Robben MF, FW 201 99 (51) 2009-2019
100%
13 Claudio Pizarro FW 465 187 (57) 2000-2006, 2008-2020
100%
30 Florian Wirtz MF, FW 140 35 (45) 2019-2025
100%
3 Franck Ribéry MF, FW 273 85 (94) 2007-2019
100%
6 Joshua Kimmich DF, MF 295 29 (71) 2015-2025
100%
4 Julian Brandt MF, FW 354 70 (74) 2013-2025
100%
31 Leroy Sané MF, FW 200 51 (45) 2013-2015, 2020-2025
100%
2 Marco Reus MF, FW 391 156 (95) 2009-2024
100%
17 Mario Götze MF, FW 317 66 (55) 2009-2019, 2022-2025
100%
55 Michael Ballack MF 198 71 (38) 2000-2005, 2010-2012
100%
129 Nicolai Müller MF, FW 185 42 (26) 2011-2019
100%
45 Philipp Lahm DF, MF 385 14 (40) 2003-2017
100%
16 Robert Lewandowski FW 384 312 (56) 2010-2022
100%
51 Serge Gnabry DF, MF, FW 242 91 (39) 2016-2025
100%
1 Thomas Müller MF, FW 503 150 (174) 2008-2025
100%
18 Andrej Kramarić MF, FW 286 126 (54) 2015-2025
93%
114 David Alaba DF, MF 298 25 (27) 2009-2021
93%
39 Kingsley Coman MF, FW 227 46 (41) 2015-2025
93%
15 Lars Stindl MF, FW 376 85 (56) 2007-2008, 2010-2023
93%
63 Leon Goretzka MF 296 49 (36) 2013-2025
93%
43 Łukasz Piszczek DF, MF 332 19 (40) 2007-2021
93%
20 Miroslav Klose FW 304 120 (53) 2000-2011
93%
22 Stefan Kießling MF, FW 403 144 (51) 2002-2003, 2004-2018
93%
27 Thorgan Hazard DF, MF, FW 234 43 (47) 2014-2024
93%
53 Vedad Ibišević FW 344 127 (39) 2006-2007, 2008-2021
93%
62 Christopher Nkunku MF, FW 119 47 (36) 2019-2023
87%
33 Daniel Caligiuri DF, MF, FW 372 51 (43) 2009-2023
87%
28 Diego MF 161 57 (46) 2006-2008, 2010-2011, 2012-2014
87%
42 Emil Forsberg MF, FW 197 40 (40) 2016-2024
87%
12 Filip Kostić DF, FW 249 35 (58) 2014-2023
87%
9 Gonzalo Castro DF, MF 420 38 (63) 2004-2018, 2020-2022
87%
26 Jadon Sancho MF, FW 118 40 (47) 2017-2020, 2023-2024
87%
71 Jakub Błaszczykowski MF 235 28 (34) 2007-2014, 2016-2019
87%
68 Kevin De Bruyne MF, FW 85 23 (35) 2012-2016
87%
106 Mario Gómez FW 328 170 (28) 2003-2012, 2016-2019
87%
7 Max Kruse MF, FW 307 97 (70) 2007-2008, 2010-2011, 2012-2018, 2020-2023
87%
35 Patrick Herrmann DF, MF, FW 351 47 (43) 2009-2024
87%
40 Raphaël Guerreiro DF, MF 205 37 (41) 2016-2025
87%
58 Sebastian Rudy MF 358 17 (38) 2008-2023
87%
74 Toni Kroos MF 173 23 (34) 2007-2014
87%
8 Vincenzo Grifo MF, FW 273 66 (64) 2012-2013, 2016-2025
87%
5 Zé Roberto DF, MF 277 27 (73) 2000-2005, 2007-2011
87%
54 Alassane Pléa MF, FW 209 58 (38) 2018-2025
80%
113 Alexander Meier MF, FW 276 93 (27) 2001-2002, 2003-2004, 2005-2010, 2012-2018
80%
11 Bastian Schweinsteiger DF, MF 342 45 (58) 2002-2015
80%
14 Bernd Schneider DF, MF 231 32 (56) 2000-2009
80%
49 Jefferson Farfán MF, FW 170 39 (39) 2008-2015
80%
135 Jeremie Frimpong DF, MF 133 23 (25) 2020-2025
80%
19 Jonas Hofmann MF, FW 275 53 (53) 2012-2025
80%
37 Karim Bellarabi DF, MF, FW 241 37 (42) 2011-2023
80%
23 Kevin Volland MF, FW 277 80 (49) 2012-2019, 2023-2025
80%
76 Lukas Podolski MF, FW 210 70 (33) 2003-2004, 2005-2012
80%
44 Maximilian Arnold MF 375 44 (40) 2011-2025
80%
91 Nadiem Amiri MF, FW 256 27 (30) 2014-2025
80%
81 Nuri Şahin MF 259 22 (32) 2005-2006, 2008-2010, 2012-2020
80%
32 Raffael MF, FW 290 83 (45) 2007-2009, 2011-2020
80%
82 Rafinha DF 332 12 (32) 2005-2009, 2011-2019
80%
83 Shinji Kagawa MF, FW 148 41 (32) 2010-2011, 2014-2019
80%
52 Timo Werner MF, FW 257 102 (39) 2013-2019, 2022-2024
80%
47 Aaron Hunt MF, FW 303 56 (39) 2004-2018
73%
66 Alexander Hleb MF 170 14 (35) 2000-2004, 2009-2010, 2011-2012
73%
48 Christian Gentner MF 430 46 (39) 2004-2015, 2017-2021
73%
36 Christian Günter DF, MF 346 13 (42) 2012-2014, 2016-2025
73%
133 Daichi Kamada MF, FW 127 20 (25) 2017-2018, 2019-2023
73%
77 Dedê DF 269 11 (32) 2000-2011
73%
72 Jonathan Schmid DF, MF 299 35 (34) 2010-2023
73%
117 Marcel Sabitzer DF, MF, FW 236 39 (27) 2016-2025
73%
65 Moussa Diaby DF, MF, FW 125 31 (36) 2019-2023
73%
119 Simon Rolfes MF 288 41 (27) 2005-2015
73%
46 Zlatko Junuzović MF, FW 188 21 (40) 2011-2018
73%
131 Arturo Vidal MF 196 29 (25) 2007-2010, 2015-2018
67%
85 Florian Kainz MF, FW 185 26 (31) 2016-2024
67%
102 Henrikh Mkhitaryan MF, FW 90 23 (28) 2013-2016
67%
59 Johan Micoud MF 123 31 (37) 2002-2006
67%
78 Juan Arango MF 155 25 (32) 2009-2014
67%
67 Kerem Demirbay MF 184 22 (35) 2013-2014, 2016-2023
67%
29 Kevin Kurányi FW 273 111 (46) 2001-2009, 2015-2016
67%
104 Kevin Stöger MF, FW 179 20 (28) 2018-2025
67%
127 Lars Bender DF, MF 256 22 (26) 2009-2021
67%
64 Marvin Plattenhardt DF, MF 278 8 (36) 2010-2023
67%
108 Mesut Özil MF, FW 101 13 (28) 2006-2010
67%
109 Pavel Kadeřábek DF, FW 256 14 (28) 2015-2025
67%
88 Rafael van der Vaart MF 152 44 (31) 2005-2007, 2012-2015
67%
111 Roy Makaay FW 129 78 (28) 2003-2007
67%
89 Sejad Salihović DF, MF 186 47 (31) 2004-2005, 2008-2014, 2017-2018
67%
24 Sergej Barbarez MF, FW 234 76 (49) 2000-2008
67%
60 Szabolcs Huszti MF 162 39 (37) 2006-2008, 2012-2013, 2015-2017
67%
97 Tomáš Rosický MF 149 20 (29) 2000-2006
67%
69 Torsten Frings MF 302 41 (35) 2000-2011
67%
130 Willy Sagnol DF 184 7 (26) 2000-2008
67%
25 Zvjezdan Misimović MF 157 37 (48) 2002-2004, 2006-2011
67%
98 Antônio da Silva MF 168 14 (28) 2004-2008, 2010-2012
60%
132 Borna Sosa DF, MF, FW 93 3 (25) 2018-2019, 2020-2024
60%
99 Christopher Trimmel DF, MF, FW 165 3 (28) 2019-2025
60%
126 David Raum DF, MF, FW 113 6 (26) 2021-2025
60%
86 Gerald Asamoah MF, FW 290 46 (31) 2000-2010, 2012-2013
60%
94 Halil Altıntop MF, FW 351 67 (29) 2003-2010, 2013-2017
60%
103 Jan Koller FW 152 61 (28) 2001-2005, 2007-2008
60%
116 Lewis Holtby MF 225 26 (27) 2009-2012, 2014-2017, 2024-2025
60%
56 Mitchell Weiser DF, MF, FW 232 19 (38) 2011-2012, 2013-2020, 2022-2025
60%
57 Oliver Neuville FW 251 64 (38) 2000-2006, 2008-2010
60%
121 Tamás Hajnal MF 141 17 (27) 2007-2013
60%
41 Tranquillo Barnetta MF 260 29 (41) 2004-2015
60%
92 Vladimír Darida MF 224 22 (30) 2013-2023
60%
137 Yunus Mallı MF, FW 211 36 (25) 2011-2021
60%
84 André Schürrle MF, FW 207 50 (31) 2009-2012, 2014-2018
53%
75 Cacau FW 306 89 (33) 2001-2014
53%
70 Christian Fuchs DF, MF 183 10 (34) 2008-2015
53%
101 Hasan Salihamidžić DF, MF 188 26 (28) 2000-2006, 2011-2012
53%
107 Mark Uth MF, FW 185 44 (28) 2015-2024
53%
96 Mehmet Scholl MF 122 26 (29) 2000-2007
53%
38 Paul Freier MF 249 29 (42) 2000-2001, 2002-2010
53%
136 Philipp Max DF, MF 180 16 (25) 2013-2014, 2015-2019, 2022-2024
53%
118 Piotr Trochowski MF 199 21 (27) 2002-2010, 2015-2016
53%
112 Aleksandre Iashvili MF, FW 165 25 (27) 2000-2001, 2003-2004, 2007-2009
47%
61 Bastian Oczipka DF, FW 304 3 (36) 2010-2022
47%
90 Hiroshi Kiyotake MF, FW 117 17 (30) 2012-2016
47%
115 Ivan Klasnić FW 153 50 (27) 2001-2007, 2012-2013
47%
73 Lincoln MF 136 32 (34) 2001-2007
47%
34 Mehdi Mahdavikia DF, MF 214 21 (43) 2000-2009
47%
122 Yıldıray Baştürk MF 203 30 (27) 2000-2010
47%
125 Christian Tiffert MF 225 13 (26) 2000-2005, 2007-2008, 2010-2012
40%
100 David Jarolím MF 316 17 (28) 2001-2012
40%
105 Lars Ricken MF, FW 142 26 (28) 2000-2007
40%
79 Leonardo Bittencourt MF, FW 287 32 (32) 2012-2020, 2022-2025
40%
10 Marcelinho Paraíba MF, FW 205 76 (59) 2001-2008
40%
128 Marcel Schäfer DF, MF 257 13 (26) 2003-2004, 2007-2017
33%
80 Marko Marin MF, FW 124 12 (32) 2006-2007, 2008-2012
33%
87 Martin Petrov MF, FW 116 28 (31) 2001-2005
33%
123 Aílton Gonçalves FW 178 92 (26) 2000-2005, 2007-2008
27%
124 Arnold Bruggink MF, FW 111 20 (26) 2006-2010
20%
93 Ervin Skela MF, FW 168 21 (29) 2003-2009
20%
50 Jörg Böhme MF 167 29 (39) 2000-2008
13%
95 Marcel Risse DF, MF, FW 176 14 (29) 2007-2008, 2009-2012, 2014-2017, 2019-2020
13%
134 Jacek Krzynówek MF, FW 178 24 (25) 2001-2002, 2004-2010
7%
110 Robson Ponte MF, FW 116 17 (28) 2000-2005
7%
120 Stefan Beinlich MF 141 13 (27) 2000-2005, 2007-2008
7%
No matching quizzes found
Score Distribution
Percent of People with Each Score
Percentile by Number Answered
Your Score History
You have not taken this quiz